000 00340nam a2200097Ia 4500
008 220120s9999||||xx |||||||||||||| ||und||
100 _aChindamada Bopanna, Karishma, Somanna and Varun
_912706
245 0 _aMultipurpose agriculture machine
260 _aCoorg Institute of Technology
_bPonnampet
_c2018
650 _aELECTRONICS AND COMMUNICATIONS
999 _c138306
_d138306